Statistics for Name the picture

Click here to take the quiz!

General Stats

  • This quiz has been taken 42 times
  • The average score is 9 of 15

Answer Stats

Answer% Correct
Mona lisa
100%
pi
95%
Venice / Italy
86%
stonehenge
84%
dodo
81%
Candy corn
68%
louvre
65%
Uranus
54%
salamander
49%
Rosemary
46%
Mercedes
43%
axolotl
38%
Pomeranian
24%
finch
19%
snow drops
11%

Score Distribution

Percentile by Number Answered

Percent of People with Each Score

Your Score History

You have not taken this quiz